000 00859cam a2200253 4500
001 WB3631-30
008 000000n2000 000 0 eng u
035 _a(Sirsi) u107681
245 _aLand prices reach record levels
260 _c2000
490 _aEstate Agency News
_vAugust 2000, 12(1)
520 _aGoadsby & Harding, an estate agency with branches across the south of England, claim that land prices are reaching record levels. Land sales indicate a continuing strong demand for residential building land from private builders and major national developers.
590 _aWB
650 _aLAND
650 _aPRICES
650 _aLAND PRICES
650 _aRESIDENTIAL LAND
650 _aHOUSING
650 _aDEVELOPMENT
650 _aBUILDING LAND
650 _aBUILDING LAND PRICES
690 _aHOUSING-DEVELOPMENT
942 _n0
999 _c64327
_d64327